Cómo hacer un trabajo escrito
Guardat en:
| Autor principal: | |
|---|---|
| Format: | Llibre |
| Idioma: | espanyol |
| Publicat: |
Barcelona
Octaedro
1994
|
| Edició: | 1a. ed |
| Matèries: | |
| Etiquetes: |
Afegir etiqueta
Sense etiquetes, Sigues el primer a etiquetar aquest registre!
|
MARC
| LEADER | 00000nam a2200000 a 4500 | ||
|---|---|---|---|
| 001 | UCH4299 | ||
| 003 | CL-VaPUC | ||
| 008 | 090818e19940000SP |||||||||||||||||spa|d | ||
| 082 | 0 | 4 | |a 001.4 |b PUI |2 21 |
| 100 | 0 | |a Puig i Oliver, Irene de |e author |9 539779 | |
| 245 | 1 | 0 | |a Cómo hacer un trabajo escrito |
| 250 | |a 1a. ed | ||
| 300 | |a 95 p | ||
| 942 | |c BK | ||
| 945 | |d 20090818 00:00:00 |a lazolas | ||
| 260 | |a Barcelona |b Octaedro |c 1994 | ||
| 650 | 7 | |a REDACCION DE INFORMES |2 CL-VaPUC |9 539780 | |
| 650 | 7 | |a TRABAJO ESCRITO |2 CL-VaPUC |9 339840 | |
| 583 | |a last modification |c 20090818 00:00:00 |k Rodrigo Vera | ||
| 999 | |c 335631 |d 335629 | ||